[Event "ESP-ch U16 rapid"]
[Site "Salobrena"]
[Date "2023.07.29"]
[Round "2"]
[White "Gaspar Lopez, Daniel"]
[Black "Garcia Fernandez, Victor"]
[Result "0-1"]
[WhiteElo "1727"]
[BlackElo "2057"]
[PlyCount "88"]
[EventDate "2023.07.29"]
[EventType "swiss (rapid)"]
[EventRounds "9"]
[EventCountry "ESP"]
[SourceTitle "EXT 2024"]
[Source "ChessBase"]
[SourceDate "2023.10.10"]
[SourceVersion "1"]
[SourceVersionDate "2023.10.10"]
[SourceQuality "1"]

1. c4 b6 2. Nf3 Bb7 3. g3 Bxf3 4. exf3 c5 5. Bg2 Nc6 6. Nc3 g6 7. 0-0 Bg7 8. d3 e6 9. Qa4 Nge7 10. Re1 0-0 11. f4 a6 12. Bd2 Qc7 13. a3 Qd6 14. Ne4 Qc7 15. Bc3 Nd4 16. Rac1 Nec6 17. Nd2 Ra7 18. Nf1 Rc8 19. Ne3 b5 20. Qd1 b4 21. axb4 cxb4 22. Bxd4 Nxd4 23. b3 Qc5 24. Rb1 h5 25. Nc2 Nf5 26. h4 Bc3 27. Re2 a5 28. Kf1 a4 29. bxa4 Rxa4 30. Ne3 Ra3 31. Nxf5 Qxf5 32. Be4 Qc5 33. Rc2 Qd4 34. Qc1 Rc7 35. Kg2 Qc5 36. Qe3 Bd4 37. Qe2 b3 38. Rd2 Rca7 39. Kf3 d5 40. cxd5 exd5 41. Bxg6 fxg6 42. Qe8+ Kg7 43. Re2 Bf6 44. Qd7+ Rxd7 0-1

[Event "ESP-ch U14 Rapid"]
[Site "Salobrena"]
[Date "2022.07.23"]
[Round "2"]
[White "Fuentes Guinot, Alejandro"]
[Black "Gaspar Lopez, Daniel"]
[Result "1-0"]
[WhiteElo "1601"]
[BlackElo "1372"]
[PlyCount "41"]
[EventDate "2022.07.23"]
[EventType "swiss (rapid)"]
[EventRounds "9"]
[EventCountry "ESP"]
[SourceTitle "EXT 2023"]
[Source "ChessBase"]
[SourceDate "2022.10.05"]
[SourceVersion "1"]
[SourceVersionDate "2022.10.05"]
[SourceQuality "1"]

1. d4 Nf6 2. Bf4 d5 3. e3 c5 4. c3 Nc6 5. Nd2 e6 6. Ngf3 Bd6 7. Bg3 Bxg3 8. hxg3 cxd4 9. exd4 a6 10. Bd3 h6 11. Qe2 Bd7 12. Nb3 Qc7 13. Nc5 Na5 14. Ne5 Qc8 15. g4 Rf8 16. f4 b5 17. g5 hxg5 18. fxg5 Ne4 19. Bxe4 dxe4 20. Nexd7 Rg8 21. Nb6 1-0

[Event "ESP-ch U14"]
[Site "Salobrena"]
[Date "2022.07.23"]
[Round "9"]
[White "Gaspar Lopez, Daniel"]
[Black "Munoz Osete, Marcos"]
[Result "0-1"]
[WhiteElo "1837"]
[BlackElo "1678"]
[PlyCount "92"]
[EventDate "2022.07.18"]
[EventType "swiss"]
[EventRounds "9"]
[EventCountry "ESP"]
[SourceTitle "EXT 2023"]
[Source "ChessBase"]
[SourceDate "2022.10.05"]
[SourceVersion "1"]
[SourceVersionDate "2022.10.05"]
[SourceQuality "1"]

1. e4 c6 2. Nf3 d5 3. exd5 cxd5 4. Ne5 Nc6 5. d4 g6 6. c3 Bg7 7. f4 Nf6 8. Bd3 Bf5 9. Bxf5 gxf5 10. Nd2 e6 11. Ndf3 Ne4 12. Be3 Qb6 13. Qb3 Nxe5 14. fxe5 Qa6 15. Qd1 h6 16. Qe2 Qxe2+ 17. Kxe2 f6 18. Bf4 Rg8 19. g3 fxe5 20. Nxe5 Bxe5 21. Bxe5 h5 22. Rhg1 Kd7 23. Raf1 Rg4 24. Rf4 Rf8 25. Kd3 b5 26. a4 Kc6 27. Ra1 a5 28. axb5+ Kxb5 29. Ra3 a4 30. Ke3 Rfg8 31. Kf3 Nd2+ 32. Kf2 Nc4 33. Ra2 Nxe5 34. dxe5 Rxf4+ 35. gxf4 h4 36. c4+ dxc4 37. Ra3 Rg4 38. Rf3 h3 39. Rxh3 Rxf4+ 40. Ke2 Re4+ 41. Re3 Rxe3+ 42. Kxe3 c3 43. Kd3 cxb2 44. Kc2 f4 45. h4 f3 46. h5 f2 0-1

[Event "ESP-ch U14 Rapid"]
[Site "Salobrena"]
[Date "2022.07.23"]
[Round "4"]
[White "Gaspar Lopez, Daniel"]
[Black "Oubina Pazos, Cesar"]
[Result "1-0"]
[WhiteElo "1372"]
[BlackElo "1483"]
[PlyCount "99"]
[EventDate "2022.07.23"]
[EventType "swiss (rapid)"]
[EventRounds "9"]
[EventCountry "ESP"]
[SourceTitle "EXT 2023"]
[Source "ChessBase"]
[SourceDate "2022.10.05"]
[SourceVersion "1"]
[SourceVersionDate "2022.10.05"]
[SourceQuality "1"]

1. e4 c5 2. Nf3 Nc6 3. d4 cxd4 4. Nxd4 e5 5. Nb5 a6 6. Nd6+ Bxd6 7. Qxd6 Qf6 8. Qd2 Qg6 9. f3 Nge7 10. c4 Nd4 11. b3 0-0 12. Bb2 Nec6 13. Nc3 Nb4 14. Rc1 Qf6 15. Ba3 Qh4+ 16. Kd1 a5 17. Nd5 Ndc6 18. Bxb4 Nxb4 19. Nxb4 axb4 20. Rc2 f5 21. Bd3 fxe4 22. Bxe4 d6 23. Qe1 Qxe1+ 24. Rxe1 Bf5 25. Bxf5 Rxf5 26. Rd2 Rf6 27. Ke2 Re8 28. Kd3 Kf7 29. Re4 Rf4 30. Rde2 Rxe4 31. Kxe4 Ke6 32. f4 exf4 33. Kxf4+ Kd7 34. Rd2 b6 35. g3 Re5 36. Rb2 Kc6 37. Kf3 Kc5 38. Rd2 d5 39. cxd5 Rxd5 40. Rxd5+ Kxd5 41. Ke3 Ke5 42. Kd3 Kd5 43. Ke3 g5 44. h3 h5 45. Kd3 b5 46. Ke3 Ke5 47. Kd3 h4 48. gxh4 gxh4 49. Ke3 Kf5 50. Kf3 1-0

[Event "ESP-ch U14"]
[Site "Salobrena"]
[Date "2022.07.20"]
[Round "4"]
[White "Torres Rebolledo, Marcos"]
[Black "Gaspar Lopez, Daniel"]
[Result "0-1"]
[WhiteElo "1649"]
[BlackElo "1837"]
[PlyCount "84"]
[EventDate "2022.07.18"]
[EventType "swiss"]
[EventRounds "9"]
[EventCountry "ESP"]
[SourceTitle "EXT 2023"]
[Source "ChessBase"]
[SourceDate "2022.10.05"]
[SourceVersion "1"]
[SourceVersionDate "2022.10.05"]
[SourceQuality "1"]

1. d4 d5 2. c4 e6 3. Nc3 Nf6 4. cxd5 exd5 5. Bg5 c6 6. e3 Be7 7. Bd3 Nbd7 8. Qc2 h6 9. Bh4 Nh5 10. Bxe7 Qxe7 11. 0-0-0 Nb6 12. Nf3 Bg4 13. h3 Bxf3 14. gxf3 0-0-0 15. Na4 Nxa4 16. Qxa4 Kb8 17. Kb1 Nf6 18. Rhe1 Qd7 19. Qc2 Qxh3 20. Bf5 Qxf3 21. Rg1 g6 22. Bd3 Ne4 23. Rdf1 Rhe8 24. Be2 Qf6 25. Rh1 h5 26. Bd3 Qd6 27. Rh4 Qf6 28. Rf4 Qe6 29. f3 g5 30. Rf5 Ng3 31. Qh2 Qd6 32. Rxf7 Nxf1 33. Qxh5 Nxe3 34. a3 Re7 35. Rxe7 Qxe7 36. Qh6 Rf8 37. Qh2+ Qc7 38. Qe2 Qf4 39. Qf2 Qxf3 40. Qh2+ Qf4 41. Qh6 g4 42. Be2 Qxh6 0-1